Music Theory Symbols Quiz - Statistics

General Stats
  • This quiz has been taken 810 times
  • The average score is 12 of 15
Answer Stats
Hint Answer % Correct
Piano p
95%
Mezzo-Forte mf
93%
Sharp symbol
92%
Forte f
92%
Mezzo-Piano mp
91%
Flat symbol
89%
Natural symbol
85%
Staccato .
82%
Fortissimo ff
81%
Crescendo <
81%
Dimineundo >
76%
Half note 𝅗𝅥
68%
Whole note 𝅝
64%
Eighth note 𝅘𝅥𝅮
63%
Quarter note 𝅘𝅥
55%
No matching quizzes found
Score Distribution
Percent of People with Each Score
Percentile by Number Answered
Your Score History
You have not taken this quiz